Les chaînes Youtube ayant le plus d'abonnés par pays Européens - Statistiques

Statistiques générales
  • Ce quiz a été pris 38 fois
    34 depuis la dernière actualisation
  • Le résultat moyen est 2 sur 44
Statistiques - réponses
Pays Nombres d'abonnés Chaînes % Correct
France 18.9M Tibo InShape
97%
Belgique 30.9M Celine Dept
21%
Norvège 45.5M Alan Walker
10%
Royaume uni 54.6M Ed Sheeran
10%
Suisse 20.9M FIFA
10%
Russie 50.7M Get Movies
10%
Italie 50.8M PANDA BOI
10%
Suède 22.8M Panda Shorts
10%
Irlande 40.4M PowerKids TV
10%
Lettonie 27M dednahype
7%
Espagne 49.8M Mikecrack
7%
Pays-Bas 31M Spinnin' Records
7%
Allemagne 30.3M Tsuriki Show
7%
Vatican 830K Vatican News
7%
Finlande 16.6M Brawl Stars
3%
Autriche 16.1M Red Bull
3%
Ukraine 20.8M SlivkiShow
3%
Croatie 6.56M 2CELLOS
0%
Pologne 7.19M Bazylland
0%
Bulgarie 3.08M Best Football Shorts
0%
Saint Marin 48.1K BlackJack997
0%
Andorre 586K Boutchoo
0%
Macédoine du Nord 4.07M Camarroket
0%
Moldavie 1.87M Carla's Dreams
0%
Monténégro 2.05M Doxie Din
0%
Biélorussie 20.4M glentyoutube
0%
Serbie 3.86M IDJVideos.TV
0%
Roumanie 9.2M IULITMx
0%
islande 6.2M KSHITIJ DHOLAKIA
0%
Slovaquie 4.53M Max TV
0%
Luxembourg 1.06M Meanwhile in the Garage
0%
Estonie 7.32M MIMIKLIFFI INNKASTAR
0%
Malte 3.78M mohamad aljasem
0%
Lituanie 3.41M navalnylive
0%
Portugal 6.75M Nick Jr. em Português
0%
Bosnie-Herzégovine 3.19M Omco
0%
Hongrie 2.39M R3D ONE
0%
République Tchèque 4.09M radio-svoboda
0%
Danemark 8.74M Subway Surfers
0%
Grèce 3.07M Teo CRi
0%
Slovénie 4.54M TimKo Kid
0%
Albanie 2.67M Top Channel Albania
0%
Monaco 1.72M World Athletics
0%
Liechtenstein 518K yuantengfei
0%
Aucun quiz correspondant
Distribution des résultats
% des personnes avec chaque résultat
Percentile par nombre de réponses
Votre historique - résultats
Vous n’avez pas pris ce quiz depuis la dernière actualisation